000 00238nam a2200097Ia 4500
001 985429
005 20251230100910.0
008 250824s9999 xx 000 0 und d
245 0 _aSAHİLDEKİ KULÜBE
_cSARAH JIO
260 _bPena Yayınları
999 _c985429
_d985429